000 01588cas a2200301 i 4500
001 000037544
003 DO-SdBNP
005 20251205151006.0
007 ta
008 120425c1998 dr mr1p|dd || |0spa d
040 _aDO-SdBNP
_bspa
_cBNPHU
_erda
041 _hspa
043 _anwdr
245 0 0 _aRevista teatro.
264 _aSanto Domingo, República Dominicana :
_bTeatro Nacional.,
_c[1998].
300 _avolumen :
_bilustraciones, fotografías ;
_c42 cm.
310 _aMensual.
336 _atexto
_btxt
_2rdacontent
337 _asin mediación
_bn
_2rdamedia
338 _avolumen
_bnc
_2rdacarrier
362 1 _aAño.1: no.1 (septiembre, 1998)
500 _aCatalogación basada en: Año.1: no.1 (septiembre, 1998)..
520 _aPocos países tienen un teatro como el nuestro. Con una pléyade de talentos (tanto en lo artístico) que se han desarrollado gracias al potencial escénico y técnico que ofrecen la sala Eduardo Brito y las salas Ravelo y de la Cultura. Pocos teatros cuentan con un personal, desde el más encumbrado recurso humano hasta el más humilde, que con mística de grupo aporta al aporta al trabajo cotidiano. Creemos que el Teatro Nacional de Santo Domingo ha rendido y rinde una honrosa labor a la sociedad dominicana. En esa senda continuamos para dar más luz a nuestra comunidad.
650 0 4 _aTeatro
_vPublicaciones periódicas
_zRepública Dominicana
_964006
650 0 4 _aEspectáculos
_vPublicaciones periódicas
_zRepública Dominicana
_964007
710 2 _aTeatro Nacional (República Dominicana)
_959902
942 _2ddc
_cISSUE
999 _c37034
_d37034